| 000 | 01089nam a22003138i 4500 | ||
|---|---|---|---|
| 001 | 016658648 | ||
| 003 | Uk | ||
| 005 | 20160207133519.0 | ||
| 008 | 140321s2014 nyua 001 0 eng|d | ||
| 020 | _a9789814599801 | ||
| 040 |
_aStDuBDS _beng _cStDuBDS |
||
| 082 | 0 | 4 |
_a658.4038011 _bMAR _222 |
| 100 | 1 |
_aMarakas, George M. _919977 |
|
| 245 | 1 | 0 |
_aIntroduction to information systems / _cGeorge M. Marakas, James A. O'Brien. |
| 250 | _a16th ed., International Edituion. | ||
| 260 |
_aNew York : _bMcGraw-Hill Education, _c2014. |
||
| 300 |
_axxxii, 732 p. : _bill. ; _c28 cm. |
||
| 500 | _aPrevious edition: 2010. | ||
| 500 | _aInternational Student Edition is for use outside of the U.S. | ||
| 504 | _aIncludes bibliographical references and index. | ||
| 650 | 0 |
_aBusiness _xData processing. _2BUEsh |
|
| 650 | 0 |
_aManagement _xData processing. _2BUEsh |
|
| 650 | 0 |
_aManagement information systems. _2BUEsh |
|
| 650 | 0 |
_aElectronic commerce. _2BUEsh |
|
| 651 | _2BUEsh | ||
| 653 |
_bBUSADM _cMarch2015 |
||
| 700 | 1 |
_aO'Brien, James A., _d1936- _931047 |
|
| 942 |
_2ddc _k658.4038 MAR |
||
| 999 |
_c19080 _d19052 |
||